| 000 | 00947nac a22002891i 4500 | ||
|---|---|---|---|
| 003 | EG-ScBUE | ||
| 005 | 20230527103256.0 | ||
| 008 | 230527s1988 enka f b 001 0 eng d | ||
| 020 | _a0240512685 | ||
| 020 | _a9780240512686 | ||
| 040 |
_aEG-ScBUE _beng _erda _cEG-ScBUE _dEG-ScBUE |
||
| 082 | 0 | 0 |
_a770 _bMAN _222 |
| 245 | 0 | 4 |
_aThe Manual of photography / _c[revised by] Ralph E. Jacobson, Sidney F. Ray, Geoffrey G. Attridge. |
| 250 | _aEighth edition. | ||
| 264 | 1 |
_aLondon : _bFocal Press, _c1988. |
|
| 300 |
_axi, 394 pages : _billustrations ; _c25 cm |
||
| 336 |
_2rdacontent _atext _btxt |
||
| 337 |
_2rdamedia _aunmediated _bn |
||
| 338 |
_2rdacarrier _avolume _bnc |
||
| 504 | _aIncludes bibliographical references and index. | ||
| 650 | 7 |
_aPhotography. _2BUEsh |
|
| 655 | _vReading book | ||
| 700 | 1 |
_aJacobson, R. E., _ereviewer. |
|
| 700 | 1 |
_aRay, Sidney F., _ereviewer. |
|
| 700 | 1 |
_aAttridge, G. G., _ereviewer. |
|
| 942 |
_cBB _2ddc |
||
| 999 |
_c9435 _d9435 |
||